<?xml version="1.0" encoding="UTF-8"?>
<record
    xmlns:xsi="http://www.w3.org/2001/XMLSchema-instance"
    xsi:schemaLocation="http://www.loc.gov/MARC21/slim http://www.loc.gov/standards/marcxml/schema/MARC21slim.xsd"
    xmlns="http://www.loc.gov/MARC21/slim">

  <leader>01116naa a2200241 i 4500</leader>
  <controlfield tag="001">PBB</controlfield>
  <controlfield tag="003">BPK</controlfield>
  <controlfield tag="005">20150224085537.0</controlfield>
  <controlfield tag="008">150224s1980    pl     f     |100 0 pol</controlfield>
  <datafield tag="040" ind1=" " ind2=" ">
    <subfield code="c">BPK</subfield>
  </datafield>
  <datafield tag="080" ind1=" " ind2=" ">
    <subfield code="a">691</subfield>
  </datafield>
  <datafield tag="100" ind1=" " ind2=" ">
    <subfield code="a">MARCINKOWSKI, Stefan.</subfield>
    <subfield code="d">1969 - 1992.</subfield>
    <subfield code="b">Wy&#x17C;sza Szko&#x142;a In&#x17C;ynierska w Koszalinie - Instytut Budownictwa L&#x105;dowego,</subfield>
    <subfield code="c">Zak&#x142;ad Podstaw Budownictwa i Technologii Materia&#x142;&#xF3;w Budowlanych</subfield>
  </datafield>
  <datafield tag="245" ind1=" " ind2=" ">
    <subfield code="a">Trocinobitumy jako nowy materia&#x142; izolacyjny : wyniki bada&#x144; /</subfield>
    <subfield code="c">Stefan Marcinkowski, J&#xF3;zef Kobaka, Marian Rajewski.</subfield>
  </datafield>
  <datafield tag="260" ind1=" " ind2=" ">
    <subfield code="c">1980.</subfield>
  </datafield>
  <datafield tag="500" ind1=" " ind2=" ">
    <subfield code="a">Dane z kartoteki bpp.</subfield>
  </datafield>
  <datafield tag="650" ind1=" " ind2="0">
    <subfield code="a">Budownictwo.</subfield>
  </datafield>
  <datafield tag="650" ind1=" " ind2="0">
    <subfield code="a">Izolacje.</subfield>
  </datafield>
  <datafield tag="655" ind1=" " ind2="0">
    <subfield code="a">Materia&#x142;y konferencyjne.</subfield>
  </datafield>
  <datafield tag="700" ind1=" " ind2=" ">
    <subfield code="a">KOBAKA, J&#xF3;zef.</subfield>
    <subfield code="d">1989 - 1996.</subfield>
    <subfield code="b">Wy&#x17C;sza Szko&#x142;a In&#x17C;ynierska w Koszalinie - Instytut Budownictwa,</subfield>
    <subfield code="c">&#x15A;rodowiskowe Laboratorium Techniki Budowlanej</subfield>
  </datafield>
  <datafield tag="711" ind1=" " ind2=" ">
    <subfield code="a">Sympozjum : Nowe materia&#x142;y budowlane w Polsce </subfield>
    <subfield code="n">(1 ;</subfield>
    <subfield code="d">1980.05 ;</subfield>
    <subfield code="c">Jachranka, Polska).</subfield>
  </datafield>
  <datafield tag="773" ind1=" " ind2=" ">
    <subfield code="i">W :</subfield>
    <subfield code="t">Nowe materia&#x142;y budowlane w Polsce : I Sympozjum. -</subfield>
    <subfield code="d">Jachranka, 1980. -</subfield>
    <subfield code="g">s. 79-86</subfield>
  </datafield>
  <datafield tag="942" ind1=" " ind2=" ">
    <subfield code="c">ART</subfield>
    <subfield code="2">UKD</subfield>
  </datafield>
  <datafield tag="999" ind1=" " ind2=" ">
    <subfield code="c">7010</subfield>
    <subfield code="d">7010</subfield>
  </datafield>
</record>
